000
00321nam a2200121Ia 4500
008
240624s9999 xx 000 0 und d
041
_a
eng
082
_a
346.07 BHA
100
_a
BHANDARI MUNISH
245
_a
HANDBOOK OF CORPORATE ALLIED LAWS
260
_c
2015
_a
New Delhi
_b
Bestword Publications Pvt. Ltd.
365
_c
RS
999
_c
27825
_d
27825